Una manera de morir

Na minha lista:
Detalhes bibliográficos
Autor principal: Monteforte Toledo, Mario
Formato: Livro
Idioma:Undetermined
Publicado em: México, Distrito Federal Fondo de Cultura Económica 1957
Assuntos:
Tags: Adicionar Tag
Sem tags, seja o primeiro a adicionar uma tag!

MARC

LEADER 00000nam a2200000Ia 4500
008 170316s9999 xx 000 0 und d
040 |a cru BVZT 
090 |a 860 M-31u 
100 |a Monteforte Toledo, Mario 
245 |a Una manera de morir 
260 |a México, Distrito Federal 
260 |b Fondo de Cultura Económica 
260 |c 1957 
300 |a 393 páginas 
650 |a LITERATURA LATINOAMERICANA 
999 |c 8947  |d 8947 
942 |c 15 D  |h 860 M-31u  |2 z